Click the Robert De Niro Movie - Statistics

General Stats
  • This quiz has been taken 23 times
  • The average score is 15 of 20
Answer Stats
Hint Answer % Correct
Jewish-American man is asked to oversee the everyday operations at a Las Vegas resort. Casino
100%
The story of boxer Jake LaMotta, who is prone to fits of rage and jealousy. Raging Bull
100%
Young lawyer drives his grandfather to Florida during spring break. Dirty Grandpa
94%
Retired CIA agent is unhappy with his daughter's dishonest boyfriend. Meet the Parents
82%
Sicilian boy escapes to the U.S. and begins to rise in the criminal underworld. The Godfather Part II
82%
Aspiring comedian kidnaps a talk-show host and performs stand-up on his show. The King of Comedy
82%
Eliot Ness plans to bring down the notorious gangster Al Capone. The Untouchables
82%
Half-deaf sheriff seeks the help of an investigator to inspect a small town full of corrupt police officers. Cop Land
76%
Mobster Henry Hill narrates his time as a gangster mainly working with two associates. Goodfellas
76%
Mentally-ill clown shoots a talk show host on live television. Joker
76%
Struggling author gains increased intelligence after taking a powerful new drug. Limitless
76%
Pennsylvania man moves back in with his parents and enters a dance competition with a young widow. Silver Linings Playbook
76%
War veteran befriends a child prostitute and nearly assassinates a presidential candidate. Taxi Driver
76%
Man is imprisoned by the Viet Cong and is forced into a game of Russian roulette. The Deer Hunter
76%
Truck driver becomes a hitman for the mob before later working for Jimmy Hoffa. The Irishman
76%
Fire investigator is called in to inspect an increase of fires committed by a serial arsonist. Backdraft
71%
Flight attendant attempts to smuggle half a million dollars from a gunrunner and his associates. Jackie Brown
65%
Convict uses his newfound knowledge of the law to harass the public defender who deliberately failed to defend him. Cape Fear
59%
Crime boss organizes a plan to steal money from the Osage nation by posing as a friendly benefactor. Killers of the Flower Moon
59%
Professional thief and LAPD homicide detective are adversaries yet have a deep respect for each other. Heat
53%
No matching quizzes found
Score Distribution
Percent of People with Each Score
Percentile by Number Answered
Your Score History
You have not taken this quiz